000 01530nam a2200289Ia 4500
999 _c37582
_d37582
001 3553
003 GE_BSU
005 20210413114105.0
008 181216s2000||||ge |||||||||||||| ||geo||
020 _a9992844884
040 _cGE_BSU
041 _ageo
080 _a581.9(075.8) გ–14
100 _aგაგნიძე, რევაზ.
_92515
245 _aადგილობრივი ფლორა :
_bსაქართველოს მცენარეთა სამყარო : სახელმძღვ. უმაღ. სასწ.-თვის /
_cრედ.: ნ. ზაზანაშვილი, მ. ჭურაძე.
264 _aბათუმი :
_bაჭარა,
_c2000.
300 _a274 გვ.
_bსურ. ;
_c21 სმ.
653 _aსაქართველოს მცენარეები
653 _aსაქართველოს ფიტოგეოგრაფიული დაყოფა
653 _aსაქართველოს ფლორის ანალიზი
653 _aსაქართველოს ფლორის ენდემიზმი
653 _aსაქართველოს ფლორის რელიქტები
700 _aდავითაძე, მურმან
_eავტორი
_92516
700 _aზაზანაშვილი, ნ.
_eრედაქტორი
_92522
700 _aჭურაძე, მ.
_eრედაქტორი
_92523
942 _cBK
_2udc